| 000 | 01160nam a22003497a 4500 | ||
|---|---|---|---|
| 003 | CHAP | ||
| 005 | 20220329143301.0 | ||
| 008 | 080128s2008 es ad r 00010 spa d | ||
| 010 | _a94386 | ||
| 011 | _a95358 | ||
| 020 | _a97896867080615 | ||
| 035 | _a105981 | ||
| 040 | _cCHAP | ||
| 082 | 0 | 4 |
_a574.13 _aM4 2007 |
| 100 | 1 |
_aMelo Ruíz, Virginia. _974393 |
|
| 245 | 1 | 0 |
_aBioquímica de los procesos metabólicos _c/ por Virginia Melo Ruíz y Óscar Cuamatzi Tapia |
| 250 | _a2 ed. | ||
| 260 |
_aMéxico, D.F. : _bReverté, _c2008 |
||
| 300 |
_a400 p. : _bilus. ; gráfs. ; cuadros |
||
| 590 |
_aBATCH-UPD _b10 _c20130110 _lUCH01 _h0416 |
||
| 590 |
_aBATCH-UPD _b10 _c20130110 _lUCH01 _h2045 |
||
| 590 |
_aBATCH-UPD _b10 _c20130410 _lUCH01 _h0050 |
||
| 590 |
_aBATCH-UPD _b10 _c20130914 _lUCH01 _h0645 |
||
| 590 |
_aBATCH-UPD _b10 _c20130914 _lUCH01 _h2138 |
||
| 590 |
_aCONVERSION _b10 _c20130109 _lUCH01 _h1352 |
||
| 650 | 1 | 4 |
_aBioquímica. _912849 |
| 650 | 1 | 4 |
_aMetabolismo. _975149 |
| 700 | 1 |
_aCuamatzi Tapia, Óscar. _929924 |
|
| 901 | _aBK | ||
| 942 | _cLIBRO | ||
| 949 |
_a574.13 M4 2007 _bBC _cLIBRO _d33724002049439 _eLIBRO _gI.c/e _h109035 _i105981 _si _t$325.00 |
||
| 999 |
_c94386 _d94386 |
||